Normal view
MARC view
Entry Personal Name
001 - CONTROL NUMBER
- control field: 9029
003 - CONTROL NUMBER IDENTIFIER
- control field: dpl
005 - DATE AND TIME OF LATEST TRANSACTION
- control field: 20100809110855.0
008 - FIXED-LENGTH DATA ELEMENTS
- fixed length control field: 100809|||a|||||| | ||| d
040 ## - CATALOGING SOURCE
- Original cataloging agency: dpl
- Transcribing agency: dpl
100 ## - HEADING--PERSONAL NAME
- Personal name: चोपड़ा, कृष्ण
670 ## - SOURCE DATA FOUND
- Source citation: Work cat.: (dpl)40241: चोपड़ा, कृष्ण, प्रेम का रहस्य और जादू:, 2010
670 ## - SOURCE DATA FOUND
- Source citation: Work cat.: (dpl)40241: चोपड़ा, कृष्ण, प्रेम का रहस्य और जादू:, 2010
